000 00317nam a2200121Ia 4500
008 190216s9999||||xx |||||||||||||| ||und||
100 _aThahir Mahmoodh
245 0 _aMuslim Lokathila Kudumbaniyama Parishkaram
260 _bKerala Bhasha Institute
_c1978
300 _a500p
650 _aIslamic Culture
942 _cBK
999 _c22138
_d22138